| 000 | 00724nam a22002177a 4500 | ||
|---|---|---|---|
| 999 |
_c10199 _d10199 |
||
| 003 | AR-CdUCM | ||
| 008 | 190329b ||||| |||| 00| 0 spa d | ||
| 040 |
_aMUNICIPALIDAD PROVINCIAL DEL CUSCO _cBIBLIOTECA MUNICIPAL DEL CUSCO |
||
| 082 |
_23ed. _aES / 800 / _bP68 |
||
| 100 |
_aPlutarco _926909 |
||
| 245 | _aGrandes figuras de Grecia / | ||
| 260 |
_aBuenos aires : _bAtlantida, S.A., _c1957. |
||
| 300 |
_a123 paginas ; _c17 cm. |
||
| 440 |
_aBiblioteca Billiken. _nColección verde. _926885 |
||
| 505 | _aContenido :Pericles -- Demostenes -- Alejandro -- Cleomenes . | ||
| 650 |
_aBiografías históricas. _96252 |
||
| 650 |
_aEuropa. _91221 |
||
| 650 |
_aLa edad media. _926910 |
||
| 942 |
_2ddc _cLIBROS |
||
| 945 | _arum | ||